000 00828nam a2200217 a 4500
008 951122s1985||||[C 0 slo c
020 _c16 Kčs.
_q(18000 výtl.)
040 _aSNK
_bslo
_cSNK
_eAACR2
041 1 _aslo
_hrus
044 _axo
_cSK
080 _a141.82(081)
100 1 _aLenin, Vladimir Iľjič
_4aut
245 1 0 _aZobrané spisy. /Zv./ 30
_bJúl 1916 - február 1917
_cVladimir Iľjič Lenin ; Marta Šefránková, Oto Takáč
250 _a2., vyd.
260 _aBratislava
_bPravda
_c1985
_eBratislava
_fPravda
300 _a659 s., 30,34 AH
_c21 cm
500 _aLit. 525. Zozn. nenájdených prác V. I. Lenina. Pozn. Reg. cit. lit prác a prameňov. Men. reg. Životopis. údaje. 525 zázn. o kn., čl., čas. v ruš.
700 1 _aŠefránková, Marta
_4trl
700 1 _aTakáč, Oto
_4bkd
958 _aA
999 _c15447
_d15447